000 00256nam a2200109Ia 4500
008 200302s9999 xx 000 0 und d
100 _aMichael Littlewood
245 _aTree Detailing
260 _bButterworth Architecture
260 _c1988
300 _a213 P.,
999 _c760
_d760